Artificial and Human Thinking /
Salvato in:
| Altri autori: | , |
|---|---|
| Natura: | Libro |
| Lingua: | inglese |
| Pubblicazione: |
Amsterdam:
Elsevier,
1973
|
| Edizione: | [1. vyd.] |
| Tags: |
Nessun Tag, puoi essere il primo ad aggiungerne!!
|
MARC
| LEADER | 00000nam a22000003a 4500 | ||
|---|---|---|---|
| 001 | 0019755 | ||
| 003 | SK-STU | ||
| 005 | 20161212162543.8 | ||
| 007 | ta | ||
| 008 | 161212s ----xo-----e------000-0-----d | ||
| 020 | |a 0-444-41023-6 | ||
| 040 | |a STU |b slo | ||
| 041 | 0 | |a eng |h eng | |
| 044 | |a ne | ||
| 100 | 1 | |a Elithorn, Alick |4 edt |r Z6 | |
| 245 | 1 | 0 | |a Artificial and Human Thinking / |c ed. Alick Elithorn ; ed. David Jones |
| 250 | |a [1. vyd.] | ||
| 260 | |a Amsterdam: |b Elsevier, |c 1973 | ||
| 300 | |a 385 s. | ||
| 700 | 1 | |a Jones, David |4 edt | |
| 996 | |c I*13UI1975 |l II680 |s A |a 24 |w 0019755_0001 | ||